[Event "Montreal Winter Classic"]
[Site "Montreal CAN"]
[Date "2019.01.04"]
[Round "5"]
[White "Ivanov, Mike"]
[Black "Yu, Zong Yang"]
[Result "0-1"]
[WhiteElo "2251"]
[BlackElo "2377"]
[PlyCount "174"]
[EventDate "2019.01.02"]
[EventType "tourn"]
[EventRounds "9"]
[EventCountry "CAN"]

1. e4 c6 2. d4 d5 3. f3 e6 4. a3 c5 5. exd5 exd5 6. Bb5+ Nc6 7. Ne2 Bd6 8. Be3
c4 9. b3 cxb3 10. cxb3 Nge7 11. Nbc3 O-O 12. Qd2 Re8 13. O-O a6 14. Bxc6 Nxc6
15. Bf4 Be7 16. b4 Bf6 17. Rad1 Bf5 18. Qa2 Be6 19. Be3 Rc8 20. Qb3 Ne7 21. Na4
Bd7 22. Rfe1 Bb5 23. Nac3 Bc4 24. Qb1 Nc6 25. Bf2 g6 26. Kh1 b5 27. Qb2 Bg5 28.
Ng3 Qd7 29. Nf1 Bxf1 30. Rxf1 Ne7 31. Rfe1 Rc6 32. Be3 Bf6 33. Qd2 Rec8 34. Rc1
Nf5 35. Bf2 h5 36. g4 Nh4 37. Bxh4 Bxh4 38. Rg1 hxg4 39. Rxg4 Qf5 40. Kg2 Bf6
41. Kg3 Rc4 42. Ne2 Rxc1 43. Nxc1 Qb1 44. Nd3 Qg1+ 45. Qg2 Bxd4 46. Kh3 Qxg2+
47. Rxg2 Rc3 48. Nf4 Rxf3+ 49. Kg4 Rxa3 50. Nxd5 Kg7 51. h4 Kh6 52. h5 gxh5+
53. Kf5 Rf3+ 54. Ke4 Rf2 55. Rg3 Bb2 56. Ne3 Bf6 57. Rg8 Kh7 58. Ra8 Bg5 59.
Nf5 Re2+ 60. Kd5 Bf4 61. Nd4 Re5+ 62. Kc6 h4 63. Ra7 Kg7 64. Rxa6 h3 65. Ra1 h2
66. Rh1 Bg3 67. Nf3 Rh5 68. Nd4 Kg6 69. Ne2 Bb8 70. Kb7 Be5 71. Kc6 Rg5 72. Kd5
Rg2 73. Kxe5 Rxe2+ 74. Kf4 Rb2 75. Kg3 Rxb4 76. Rxh2 Kg5 77. Rh8 Rb3+ 78. Kf2
f5 79. Rd8 Kf4 80. Rd4+ Ke5 81. Rh4 Rd3 82. Rb4 Rd5 83. Ke3 Kd6 84. Rb1 Kc5 85.
Rc1+ Kb4 86. Rb1+ Kc3 87. Rc1+ Kb2 0-1

[Event "Montreal Winter Classic"]
[Site "Montreal CAN"]
[Date "2019.01.04"]
[Round "5"]
[White "Ragnarsson, Dagur"]
[Black "Sai Krishna, GV."]
[Result "1/2-1/2"]
[WhiteElo "2327"]
[BlackElo "2409"]
[PlyCount "103"]
[EventDate "2019.01.02"]
[EventType "tourn"]
[EventRounds "9"]
[EventCountry "CAN"]

1. d4 Nf6 2. Nf3 g6 3. c4 Bg7 4. g3 O-O 5. Bg2 d6 6. O-O Nbd7 7. Nc3 e5 8. e4
exd4 9. Nxd4 Re8 10. h3 c6 11. Be3 Nc5 12. Qc2 a5 13. Rad1 Qe7 14. Rfe1 Bd7 15.
f3 Rad8 16. Bf2 Bc8 17. Nb3 Nxb3 18. Qxb3 Be6 19. Nd5 Bxd5 20. exd5 Qd7 21.
dxc6 Qxc6 22. Rxe8+ Rxe8 23. Qb5 d5 24. Qxc6 bxc6 25. cxd5 Nxd5 26. b3 Re2 27.
Re1 Nc3 28. Bf1 Rxe1 29. Bxe1 Nxa2 30. Bxa5 Bd4+ 31. Kg2 Kf8 32. Bc4 Ke7 33. f4
Nc3 34. Kf3 f5 35. g4 Ne4 36. gxf5 gxf5 37. Bd3 Nd6 38. Bc7 Kd7 39. Bxd6 Kxd6
40. Bxf5 h6 41. Ke4 Bb2 42. Bc8 Ke7 43. Bb7 c5 44. Kd5 Ba3 45. Ke5 Bb2+ 46. Kf5
Bc1 47. h4 Bd2 48. Bd5 Bc1 49. Bc4 Bd2 50. Ke5 Bc3+ 51. Kd5 Bb4 52. Ke4 1/2-1/2

[Event "Montreal Winter Classic"]
[Site "Montreal CAN"]
[Date "2019.01.05"]
[Round "6"]
[White "Ivanov, Mike"]
[Black "Eckert, Doug"]
[Result "0-1"]
[WhiteElo "2251"]
[BlackElo "2090"]
[PlyCount "104"]
[EventDate "2019.01.02"]
[EventType "tourn"]
[EventRounds "9"]
[EventCountry "CAN"]

1. e4 e5 2. f4 exf4 3. Nf3 g5 4. Nc3 Nc6 5. g3 g4 6. Nh4 f3 7. d4 d6 8. Be3 Bg7
9. Qd2 Nge7 10. O-O-O a6 11. Re1 b6 12. Kb1 Bb7 13. Nd5 Kd7 14. h3 h5 15. Bg5
Qf8 16. Nf6+ Bxf6 17. Bxf6 Rg8 18. hxg4 hxg4 19. Bc4 Kc8 20. e5 d5 21. Bf1 Kb8
22. c3 Ka7 23. Bd3 Bc8 24. Qf4 Be6 25. Nf5 Nxf5 26. Bxf5 Qc8 27. Bh7 Re8 28.
Bd3 Ne7 29. Ka1 Bf5 30. Bf1 Ng8 31. Bh8 Ne7 32. Bf6 Ng8 33. Bg7 Ne7 34. c4 Be6
35. Rc1 Qd7 36. c5 Rac8 37. Rh2 b5 38. Bf6 c6 39. Rhc2 Rg8 40. Rc3 Nf5 41. Rb3
Ng7 42. a4 Nh5 43. Qd2 Nxg3 44. axb5 Nxf1 45. Qa5 cxb5 46. Qb6+ Ka8 47. Ra3 Rc7
48. c6 Qc8 49. Rxa6+ Qxa6+ 50. Qxa6+ Ra7 51. Qxa7+ Kxa7 52. Rxf1 g3 0-1

[Event "Montreal Winter Classic"]
[Site "Montreal CAN"]
[Date "2019.01.05"]
[Round "6"]
[White "Wang, Annie"]
[Black "Ragnarsson, Dagur"]
[Result "1/2-1/2"]
[WhiteElo "2313"]
[BlackElo "2327"]
[PlyCount "74"]
[EventDate "2019.01.02"]
[EventType "tourn"]
[EventRounds "9"]
[EventCountry "CAN"]

1. d4 e6 2. c4 f5 3. Nc3 Nf6 4. e3 b6 5. Bd3 Bb7 6. f3 c5 7. Nge2 Nc6 8. O-O
Bd6 9. Bd2 O-O 10. Be1 Rc8 11. Nb5 Bb8 12. dxc5 bxc5 13. b3 a6 14. Nbc3 Nh5 15.
Rc1 Qg5 16. f4 Qh6 17. Ng3 Nf6 18. Be2 g5 19. Bd2 gxf4 20. exf4 Nd4 21. Qe1
Nxe2+ 22. Ncxe2 Kf7 23. Rd1 Bc6 24. Bc1 Rg8 25. Rd3 Rg4 26. Qd2 Rcg8 27. Bb2
Rh4 28. h3 Ke8 29. Rf2 Ne4 30. Nxe4 fxe4 31. Rg3 Rxg3 32. Nxg3 Bxf4 33. Qc3 Be3
34. Qh8+ Ke7 35. Qf6+ Ke8 36. Qh8+ Ke7 37. Qf6+ Ke8 1/2-1/2

[Event "Montreal Winter Classic"]
[Site "Montreal CAN"]
[Date "2019.01.05"]
[Round "6"]
[White "Yu, Zong Yang"]
[Black "Sai Krishna, GV."]
[Result "1/2-1/2"]
[WhiteElo "2377"]
[BlackElo "2409"]
[PlyCount "97"]
[EventDate "2019.01.02"]
[EventType "tourn"]
[EventRounds "9"]
[EventCountry "CAN"]

1. d4 Nf6 2. Nf3 g6 3. c4 Bg7 4. Nc3 O-O 5. e4 d6 6. Be2 e5 7. O-O Nc6 8. d5
Ne7 9. Bg5 Nh5 10. Re1 h6 11. Bd2 Nf4 12. Bf1 g5 13. h3 f5 14. exf5 Bxf5 15.
Bxf4 gxf4 16. c5 Kh8 17. Rc1 Rg8 18. cxd6 cxd6 19. Kh2 Bf6 20. Bd3 Qd7 21. Be4
Rg6 22. Qd3 Bxe4 23. Nxe4 Nf5 24. Rg1 Rag8 25. g4 fxg3+ 26. fxg3 h5 27. h4 Nh6
28. Nfg5 Bxg5 29. Nxg5 Nf7 30. Ne6 e4 31. Qe2 Ne5 32. Qxh5+ Qh7 33. Qxh7+ Kxh7
34. Kh3 Nf3 35. Rg2 Nxh4 36. Rc7+ Kh8 37. Nf4 Nxg2 38. Nxg6+ Rxg6 39. Kxg2 Rg5
40. Rxb7 Rxd5 41. Kf2 Rd3 42. Rxa7 d5 43. b4 d4 44. Re7 Rd2+ 45. Ke1 Rxa2 46.
Rxe4 d3 47. Rd4 Rb2 48. Kd1 d2 49. Rxd2 1/2-1/2

[Event "Montreal Winter Classic"]
[Site "Montreal CAN"]
[Date "2019.01.05"]
[Round "7"]
[White "Duong, Thanh Nha"]
[Black "Rodrigue-Lemieux, Shawn"]
[Result "1-0"]
[WhiteElo "2238"]
[BlackElo "2293"]
[PlyCount "157"]
[EventDate "2019.01.02"]
[EventType "tourn"]
[EventRounds "9"]
[EventCountry "CAN"]

1. c4 Nf6 2. Nc3 e6 3. d4 Bb4 4. Nf3 O-O 5. g3 d5 6. Qb3 Nc6 7. a3 Be7 8. cxd5
exd5 9. Bg2 Na5 10. Qa4 c6 11. O-O Nc4 12. Nd2 Nd6 13. e4 dxe4 14. Ndxe4 Ndxe4
15. Nxe4 Nxe4 16. Bxe4 Be6 17. Be3 Bf6 18. Rfd1 Bd5 19. Qc2 g6 20. Rac1 a6 21.
Bxd5 Qxd5 22. b4 h5 23. Qc4 Rad8 24. Qxd5 Rxd5 25. Kg2 Rfd8 26. Rc5 Kf8 27. Kf3
R8d7 28. h3 Be7 29. Rxd5 Rxd5 30. g4 Ke8 31. Ke4 Kd7 32. f4 a5 33. Rb1 axb4 34.
axb4 Rb5 35. Bd2 hxg4 36. hxg4 Kc7 37. Kd3 Rd5 38. Rh1 Rd7 39. Rh7 Bf6 40. Bc3
Kd6 41. Ke4 Bd8 42. Kd3 Kd5 43. f5 gxf5 44. Rh5 Ke6 45. Rxf5 Rd5 46. Ke4 Bg5
47. Be1 Bc1 48. Bh4 Rxf5 49. gxf5+ Kd7 50. Be1 Bh6 51. d5 Bg7 52. Bd2 Bf6 53.
Be1 Kc7 54. Bg3+ Kb6 55. d6 c5 56. Bf2 Kc6 57. bxc5 Bb2 58. Bd4 Bc1 59. Ke5 Bg5
60. Bf2 Kd7 61. Kd5 Bf6 62. Bd4 Bg5 63. Ke4 Bc1 64. Be3 Bb2 65. Kf4 Bf6 66. Kg4
Ke8 67. Kh5 Bg7 68. Kg5 Be5 69. Kh6 Bf6 70. Kh7 Kf8 71. Bh6+ Ke8 72. Bg7 Bg5
73. Bd4 Kf8 74. Bf2 Bf6 75. Be3 Bh4 76. Kh6 Bd8 77. Bg5 f6 78. Bd2 Kf7 79. Bc3
1-0

[Event "Montreal Winter Classic"]
[Site "Montreal CAN"]
[Date "2019.01.05"]
[Round "7"]
[White "Eckert, Doug"]
[Black "Yu, Zong Yang"]
[Result "0-1"]
[WhiteElo "2090"]
[BlackElo "2377"]
[PlyCount "74"]
[EventDate "2019.01.02"]
[EventType "tourn"]
[EventRounds "9"]
[EventCountry "CAN"]

1. e4 c6 2. d4 d5 3. e5 Bf5 4. h4 Qb6 5. Nc3 h5 6. Nf3 e6 7. Be2 Ne7 8. O-O Nd7
9. a3 Bg4 10. Na4 Qc7 11. g3 Nf5 12. b4 a5 13. Bf4 axb4 14. axb4 Bxb4 15. c3
Be7 16. Bg5 Bxf3 17. Bxf3 Bxg5 18. hxg5 g6 19. Kg2 Kf8 20. Rh1 Kg7 21. Nb2 c5
22. Rxa8 Rxa8 23. g4 hxg4 24. Bxg4 cxd4 25. Bxf5 exf5 26. cxd4 Nf8 27. Nd3 Ne6
28. Qf3 Qe7 29. Qg3 Qxg5 30. Qxg5 Nxg5 31. Nf4 Ne4 32. Nxd5 Rd8 33. Nf4 Rxd4
34. e6 Nf6 35. Rh4 Re4 36. exf7 Kxf7 37. f3 Rb4 0-1

[Event "Montreal Winter Classic"]
[Site "Montreal CAN"]
[Date "2019.01.05"]
[Round "7"]
[White "Sai Krishna, GV."]
[Black "Wang, Annie"]
[Result "1-0"]
[WhiteElo "2409"]
[BlackElo "2313"]
[PlyCount "73"]
[EventDate "2019.01.02"]
[EventType "tourn"]
[EventRounds "9"]
[EventCountry "CAN"]

1. e4 e6 2. d4 d5 3. Nc3 Nf6 4. Bg5 dxe4 5. Nxe4 Be7 6. Bxf6 gxf6 7. Nf3 f5 8.
Nc3 a6 9. g3 b5 10. Bg2 Bb7 11. O-O c5 12. d5 b4 13. dxe6 bxc3 14. exf7+ Kf8
15. Qe2 Bf6 16. Ng5 Bxg5 17. Bxb7 Ra7 18. Qe5 Kxf7 19. Rad1 Qf6 20. Qxc5 Rxb7
21. Qd5+ Kg6 22. Qxb7 cxb2 23. h4 Bc1 24. Rxc1 bxc1=Q 25. Rxc1 a5 26. Rb1 Rd8
27. c4 Nc6 28. Rb6 Rd6 29. Qc7 f4 30. Rb7 h6 31. Qh7+ Kh5 32. Rb5+ Kg4 33. Kg2
Nd4 34. Qe4 Nxb5 35. f3+ Kh5 36. Qe8+ Qg6 37. Qxb5+ 1-0

[Event "Montreal Winter Classic"]
[Site "Montreal CAN"]
[Date "2019.01.06"]
[Round "8"]
[White "Ivanov, Mike"]
[Black "Duong, Thanh Nha"]
[Result "0-1"]
[WhiteElo "2251"]
[BlackElo "2238"]
[PlyCount "100"]
[EventDate "2019.01.02"]
[EventType "tourn"]
[EventRounds "9"]
[EventCountry "CAN"]

1. e4 c5 2. Nf3 d6 3. d4 cxd4 4. Nxd4 Nf6 5. f3 e6 6. c4 Be7 7. Nc3 O-O 8. Be3
Nc6 9. Be2 a6 10. O-O Qc7 11. Qd2 Bd7 12. Rac1 Rac8 13. Rfd1 Rfe8 14. Bf1 Qb8
15. Nxc6 bxc6 16. c5 d5 17. Bxa6 Rcd8 18. exd5 exd5 19. Bd3 Qe5 20. Ne2 Ra8 21.
Bf4 Qh5 22. b3 h6 23. Bb1 Qh4 24. Bg3 Qg5 25. Qxg5 hxg5 26. Nd4 g6 27. b4 Nh5
28. b5 Nxg3 29. hxg3 cxb5 30. c6 Be6 31. Nxb5 Ra5 32. Nd4 Rc8 33. Kf1 Bf6 34.
c7 Bxd4 35. Rxd4 Ra7 36. Ke2 Raxc7 37. Rxc7 Rxc7 38. Kd2 Kg7 39. a4 Rc5 40. Rb4
Kf6 41. Bd3 Ke5 42. Ke3 Rc1 43. f4+ Kd6 44. Rb1 Rc3 45. Kd4 Rxd3+ 46. Kxd3 Bf5+
47. Kd4 Bxb1 48. a5 Be4 49. a6 Kc6 50. g4 gxf4 0-1

[Event "Montreal Winter Classic"]
[Site "Montreal CAN"]
[Date "2019.01.06"]
[Round "8"]
[White "Rodrigue-Lemieux, Shawn"]
[Black "Ragnarsson, Dagur"]
[Result "1/2-1/2"]
[WhiteElo "2293"]
[BlackElo "2327"]
[PlyCount "85"]
[EventDate "2019.01.02"]
[EventType "tourn"]
[EventRounds "9"]
[EventCountry "CAN"]

1. e4 c5 2. Nf3 e6 3. d3 Nc6 4. g3 Nge7 5. Bg2 g6 6. O-O Bg7 7. Re1 e5 8. c3
O-O 9. Be3 d6 10. Na3 h6 11. d4 b6 12. dxc5 dxc5 13. Qc1 Kh7 14. Rd1 Qc7 15. b4
cxb4 16. cxb4 Qb8 17. b5 Na5 18. Bd2 Be6 19. Bb4 Qb7 20. Qd2 a6 21. Rac1 axb5
22. Nxb5 Nac6 23. Bxe7 Nxe7 24. Nc7 Rxa2 25. Nxe6 Rxd2 26. Nxf8+ Bxf8 27. Rxd2
Nc6 28. Bh3 Kg8 29. Rd7 Qa8 30. Bf1 Bc5 31. Rcd1 Qa4 32. Bg2 Nd4 33. Rd8+ Kg7
34. Rf1 Ne2+ 35. Kh1 Nc3 36. Nxe5 Nxe4 37. Rd7 Nxf2+ 38. Rxf2 Bxf2 39. Rxf7+
Kg8 40. Rxf2 Qa1+ 41. Bf1 Qxe5 42. Bc4+ Kh8 43. Rf8+ 1/2-1/2

[Event "Montreal Winter Classic"]
[Site "Montreal CAN"]
[Date "2019.01.06"]
[Round "8"]
[White "Yu, Zong Yang"]
[Black "Wang, Annie"]
[Result "1/2-1/2"]
[WhiteElo "2377"]
[BlackElo "2313"]
[PlyCount "73"]
[EventDate "2019.01.02"]
[EventType "tourn"]
[EventRounds "9"]
[EventCountry "CAN"]

1. Nf3 Nf6 2. c4 e6 3. g3 d5 4. d4 Be7 5. Bg2 O-O 6. O-O dxc4 7. Qc2 a6 8. a4
Bd7 9. Qxc4 Bc6 10. Bg5 Bd5 11. Qc2 Be4 12. Qc1 a5 13. Nbd2 Bc6 14. Nc4 Bd5 15.
Rd1 Nc6 16. Ncd2 Nb4 17. Qb1 h6 18. Bxf6 Bxf6 19. e4 Bc6 20. Nc4 Qd7 21. b3
Rfd8 22. Rd2 Qe8 23. Qe1 b6 24. h4 h5 25. Qe3 Bb7 26. Rad1 Ba6 27. Qf4 Rab8 28.
Nfe5 Bxc4 29. Nxc4 Rxd4 30. Rxd4 e5 31. Qf5 exd4 32. e5 Be7 33. Qxh5 Bc5 34.
Be4 g6 35. Qg5 Qe6 36. h5 Kg7 37. Kg2 1/2-1/2

[Event "Montreal Winter Classic"]
[Site "Montreal CAN"]
[Date "2019.01.06"]
[Round "9"]
[White "Duong, Thanh Nha"]
[Black "Eckert, Doug"]
[Result "0-1"]
[WhiteElo "2238"]
[BlackElo "2090"]
[PlyCount "60"]
[EventDate "2019.01.02"]
[EventType "tourn"]
[EventRounds "9"]
[EventCountry "CAN"]

1. c4 e6 2. Nf3 Nf6 3. g3 d5 4. Bg2 dxc4 5. Qa4+ Bd7 6. Qxc4 c5 7. Ne5 Qc8 8.
O-O Nc6 9. Nxd7 Qxd7 10. d3 Rc8 11. Be3 b6 12. Rc1 Be7 13. Nc3 O-O 14. Qa4 Rfd8
15. a3 Nd5 16. Nxd5 exd5 17. h4 Bf6 18. Rab1 Re8 19. Bf3 Rcd8 20. b4 Rxe3 21.
fxe3 Qh3 22. Kf2 Qh2+ 23. Bg2 Ne5 24. bxc5 d4 25. exd4 Ng4+ 26. Kf3 Bxd4 27.
Kxg4 Qxg2 28. Rf1 h5+ 29. Kxh5 Qxg3 30. Qc6 g6+ 0-1

[Event "Montreal Winter Classic"]
[Site "Montreal CAN"]
[Date "2019.01.06"]
[Round "9"]
[White "Ragnarsson, Dagur"]
[Black "Ivanov, Mike"]
[Result "1-0"]
[WhiteElo "2327"]
[BlackElo "2251"]
[PlyCount "109"]
[EventDate "2019.01.02"]
[EventType "tourn"]
[EventRounds "9"]
[EventCountry "CAN"]

1. d4 Nf6 2. c4 c5 3. d5 e6 4. Nc3 exd5 5. cxd5 d6 6. e4 g6 7. f4 Bg7 8. Bb5+
Nfd7 9. a4 Qh4+ 10. g3 Qe7 11. Nf3 O-O 12. O-O Na6 13. Kg2 Nb4 14. Qe2 Nf6 15.
h3 b6 16. Re1 Bb7 17. Nd1 Nxe4 18. Qxe4 Qxe4 19. Rxe4 Bxd5 20. Rxb4 cxb4 21.
Ne3 Be4 22. Kf2 Rac8 23. Nd2 Bb7 24. Bd3 Rfe8 25. Nb3 a5 26. Nc2 Be4 27. Bxe4
Rxe4 28. Kf3 Rce8 29. Be3 Bxb2 30. Rb1 Bf6 31. Bxb6 Rc4 32. Ne3 Rc3 33. Kf2 Rd3
34. Ke2 Rc3 35. Kd2 Bg7 36. Nxa5 Ra3 37. Nac4 Rxa4 38. Kd3 Ra2 39. Rxb4 d5 40.
Nd2 Ra3+ 41. Nb3 Ra2 42. Nc2 Rb8 43. Ne3 h5 44. h4 Re8 45. Bc5 Rb2 46. Rb7 Rd8
47. f5 d4 48. Nc4 Rg2 49. Bd6 gxf5 50. Bf4 Rg1 51. Nd6 Rb1 52. Nxf5 Ra8 53.
Ne7+ Kh7 54. Rb5 Bh6 55. Kc2 1-0

[Event "Montreal Winter Classic"]
[Site "Montreal CAN"]
[Date "2019.01.06"]
[Round "9"]
[White "Sai Krishna, GV."]
[Black "Rodrigue-Lemieux, Shawn"]
[Result "1/2-1/2"]
[WhiteElo "2409"]
[BlackElo "2293"]
[PlyCount "112"]
[EventDate "2019.01.02"]
[EventType "tourn"]
[EventRounds "9"]
[EventCountry "CAN"]

1. e4 c6 2. d4 d5 3. Nc3 dxe4 4. Nxe4 Nf6 5. Nxf6+ exf6 6. c3 Bd6 7. Bd3 O-O 8.
Qc2 Re8+ 9. Ne2 h5 10. O-O h4 11. h3 Nd7 12. Nf4 Nf8 13. Qd1 f5 14. Qf3 Qf6 15.
Nh5 Qg6 16. Nf4 Qf6 17. Bd2 Bd7 18. Nh5 Qg6 19. Rae1 Nh7 20. Nf4 Qf6 21. Nh5
Qg6 22. Nf4 Qf6 23. Qd1 Ng5 24. Qc2 Ne4 25. Bxe4 fxe4 26. Rxe4 Bf5 27. Rxe8+
Rxe8 28. Qd1 Bxf4 29. Bxf4 Bxh3 30. Qd2 Bxg2 31. Kxg2 Re4 32. Be5 h3+ 33. Kh2
Qf3 34. Rg1 f6 35. Bg3 Re2 36. Qd1 g5 37. c4 g4 38. d5 f5 39. dxc6 bxc6 40. c5
f4 41. Bh4 Rxf2+ 42. Bxf2 Qxf2+ 43. Kh1 g3 44. Qd8+ Kf7 45. Qc7+ Kg8 46. Qc8+
Kg7 47. Qb7+ Kf8 48. Qb8+ Kf7 49. Qb7+ Kf8 50. Qc8+ Kg7 51. Qd7+ Kf8 52. Qf5+
Kg7 53. Qg5+ Kf7 54. Qh5+ Kg7 55. Qg5+ Kf7 56. Qh5+ Kg7 1/2-1/2

[Event "Montreal op"]
[Site "Montreal CAN"]
[Date "2019.09.06"]
[Round "1.1"]
[White "Yu, Zong Yang"]
[Black "Allard, Laurent"]
[Result "1-0"]
[WhiteElo "2394"]
[BlackElo "2039"]
[PlyCount "83"]
[EventDate "2019.09.06"]
[EventType "swiss"]
[EventRounds "5"]
[EventCountry "CAN"]

1. d4 Nf6 2. c4 g6 3. Nc3 Bg7 4. e4 d6 5. Nf3 O-O 6. Be3 e5 7. dxe5 dxe5 8.
Qxd8 Rxd8 9. Nd5 Na6 10. O-O-O Re8 11. c5 b6 12. Bc4 Nxd5 13. Bxd5 Rb8 14. cxb6
cxb6 15. Ng5 Re7 16. Bb3 Rc7+ 17. Kb1 Bf6 18. Rd6 Kg7 19. f4 Nc5 20. Bd5 Bb7
21. Bxb7 Rbxb7 22. Rd5 Ne6 23. Nxe6+ fxe6 24. Rd6 Rc4 25. fxe5 Bxe5 26. Rxe6
Rxe4 27. Rxe5 Rxe5 28. Bd4 Rbe7 29. Re1 Kf6 30. g4 h5 31. h3 hxg4 32. hxg4 g5
33. a4 a5 34. Re3 R7e6 35. Ka1 Re7 36. Ka2 R7e6 37. Ka3 Re7 38. Rb3 R7e6 39.
Rb5 Re7 40. b4 axb4+ 41. Kxb4 R7e6 42. Rd5 1-0

[Event "Montreal op"]
[Site "Montreal CAN"]
[Date "2019.09.06"]
[Round "1.3"]
[White "Ouellet, Maili-Jade"]
[Black "Libersan, Thierry"]
[Result "1-0"]
[WhiteElo "2245"]
[BlackElo "1996"]
[PlyCount "61"]
[EventDate "2019.09.06"]
[EventType "swiss"]
[EventRounds "5"]
[EventCountry "CAN"]

1. d4 f5 2. c4 e6 3. Nf3 d5 4. Nc3 c6 5. Bf4 Nf6 6. e3 Qa5 7. Nd2 Bb4 8. Qc2
Ne4 9. Ndxe4 fxe4 10. Be2 O-O 11. O-O Qd8 12. f3 exf3 13. Rxf3 Nd7 14. Bd3 h6
15. Raf1 Be7 16. cxd5 exd5 17. Nxd5 cxd5 18. Bc7 Rxf3 19. Rxf3 Qe8 20. Bg6 Qf8
21. Rxf8+ Nxf8 22. Bh5 Be6 23. Qb3 b6 24. Bf3 Rc8 25. Bxd5 Rxc7 26. Bxe6+ Nxe6
27. Qxe6+ Kh8 28. d5 Rc1+ 29. Kf2 Bf6 30. d6 Rc2+ 31. Ke1 1-0

[Event "Montreal op"]
[Site "Montreal CAN"]
[Date "2019.09.06"]
[Round "1.4"]
[White "Adriaanse, Adam"]
[Black "Rodrigue-Lemieux, Shawn"]
[Result "0-1"]
[WhiteElo "1989"]
[BlackElo "2242"]
[PlyCount "112"]
[EventDate "2019.09.06"]
[EventType "swiss"]
[EventRounds "5"]
[EventCountry "CAN"]

1. e4 c6 2. d4 d5 3. Nc3 dxe4 4. Nxe4 Nf6 5. Nxf6+ exf6 6. c3 Bd6 7. Bd3 O-O 8.
Ne2 Re8 9. Qc2 h5 10. O-O h4 11. Be3 Nd7 12. c4 Nf8 13. Nc3 Bc7 14. Rfe1 Bg4
15. d5 Nd7 16. c5 cxd5 17. Nxd5 Be5 18. Rac1 Rc8 19. Qa4 Be6 20. Be4 Bxd5 21.
Bxd5 Nxc5 22. Qc4 Ne6 23. Qxc8 Qxc8 24. Rxc8 Rxc8 25. Bxa7 Bxb2 26. Kf1 Be5 27.
Rb1 Rc2 28. h3 b5 29. Rxb5 Nf4 30. Be3 Nxd5 31. Rxd5 Rxa2 32. Rd7 Ra4 33. Ke2
g5 34. Rd5 Ba1 35. Kf3 Kg7 36. g4 hxg3 37. fxg3 Kg6 38. g4 Be5 39. Rb5 Ra3 40.
Ke4 Ra2 41. Rb3 Rh2 42. Bg1 Rg2 43. Bc5 Rc2 44. Be3 Ra2 45. Bc5 Ra1 46. Bb6 Rf1
47. Be3 Ba1 48. Ra3 Re1 49. Rb3 Be5 50. Rd3 Bf4 51. Kf3 Rxe3+ 52. Rxe3 Bxe3 53.
Kxe3 f5 54. Kd4 fxg4 55. hxg4 f5 56. gxf5+ Kxf5 0-1

[Event "Montreal op"]
[Site "Montreal CAN"]
[Date "2019.09.06"]
[Round "1.5"]
[White "Dukic, Zachary"]
[Black "Turcotte, Jonathan"]
[Result "1-0"]
[WhiteElo "2224"]
[BlackElo "1983"]
[PlyCount "53"]
[EventDate "2019.09.06"]
[EventType "swiss"]
[EventRounds "5"]
[EventCountry "CAN"]

1. e4 c6 2. d4 d5 3. Nc3 dxe4 4. Nxe4 Bf5 5. Ng3 Bg6 6. h4 h6 7. Nf3 Nd7 8. h5
Bh7 9. Bd3 Bxd3 10. Qxd3 e6 11. Bd2 Ngf6 12. O-O-O Be7 13. Kb1 O-O 14. Ne4 Nxe4
15. Qxe4 Nf6 16. Qe2 Qd5 17. Be3 Qb5 18. c4 Qf5+ 19. Ka1 Ng4 20. Bc1 Rad8 21.
Nh4 Bxh4 22. Rxh4 Nf6 23. Be3 b5 24. g4 Qh7 25. g5 hxg5 26. Bxg5 Qf5 27. Rg1
1-0

[Event "Montreal op"]
[Site "Montreal CAN"]
[Date "2019.09.06"]
[Round "1.6"]
[White "Nunez-Painchaud, Raphael"]
[Black "Masse, Hugues"]
[Result "1/2-1/2"]
[WhiteElo "1966"]
[BlackElo "2200"]
[PlyCount "44"]
[EventDate "2019.09.06"]
[EventType "swiss"]
[EventRounds "5"]
[EventCountry "CAN"]

1. Nf3 Nf6 2. g3 g6 3. c4 Bg7 4. Bg2 O-O 5. O-O d6 6. Nc3 Nc6 7. Rb1 a5 8. a3
e5 9. d3 Nd4 10. Bg5 h6 11. Bxf6 Bxf6 12. e3 Nxf3+ 13. Bxf3 c6 14. Bg4 Bxg4 15.
Qxg4 Bg7 16. e4 h5 17. Qe2 Qc7 18. b4 axb4 19. axb4 Ra3 20. Qb2 Rfa8 21. Ra1
Rxa1 22. Rxa1 Rxa1+ 1/2-1/2

[Event "Montreal op"]
[Site "Montreal CAN"]
[Date "2019.09.06"]
[Round "1.7"]
[White "Zhong, Kevin"]
[Black "Pomerantz, Daniel"]
[Result "0-1"]
[WhiteElo "2112"]
[BlackElo "1952"]
[PlyCount "32"]
[EventDate "2019.09.06"]
[EventType "swiss"]
[EventRounds "5"]
[EventCountry "CAN"]

1. e4 c5 2. Ne2 Nc6 3. Nbc3 e6 4. d4 cxd4 5. Nxd4 Qc7 6. Be3 a6 7. Qf3 d6 8.
O-O-O Bd7 9. g4 Rc8 10. Qg3 Nxd4 11. Bxd4 e5 12. Be3 Nf6 13. g5 Nxe4 14. Qg2
Nxc3 15. bxc3 Qxc3 16. Bd3 d5 0-1

[Event "Montreal op"]
[Site "Montreal CAN"]
[Date "2019.09.06"]
[Round "1.8"]
[White "Tinica, Gabriel"]
[Black "Saha, Ananda"]
[Result "0-1"]
[WhiteElo "1932"]
[BlackElo "2103"]
[PlyCount "64"]
[EventDate "2019.09.06"]
[EventType "swiss"]
[EventRounds "5"]
[EventCountry "CAN"]

1. d4 e6 2. c4 Bb4+ 3. Nc3 b6 4. f3 f5 5. e3 Bb7 6. Bd2 Nf6 7. Bd3 O-O 8. Nge2
c5 9. a3 Bxc3 10. bxc3 d6 11. O-O Nh5 12. Nf4 Nxf4 13. exf4 Qf6 14. Be3 Nc6 15.
Be2 Rfd8 16. Qd2 Rac8 17. Rfc1 Na5 18. Rab1 Ba6 19. Qa2 Rc7 20. Rb5 Bxb5 21.
cxb5 c4 22. Re1 d5 23. Bf2 Ra8 24. Bd1 Kf7 25. Re5 a6 26. Bc2 axb5 27. g4 Nc6
28. gxf5 Nxe5 29. dxe5 Qe7 30. fxe6+ Kg8 31. Bxb6 Rb7 32. Bd4 g6 0-1

[Event "Montreal op"]
[Site "Montreal CAN"]
[Date "2019.09.06"]
[Round "1.9"]
[White "Tanaka, Tyler"]
[Black "Craciun, David"]
[Result "1-0"]
[WhiteElo "2073"]
[BlackElo "1802"]
[PlyCount "28"]
[EventDate "2019.09.06"]
[EventType "swiss"]
[EventRounds "5"]
[EventCountry "CAN"]

1. Nf3 d5 2. g3 Nf6 3. Bg2 e6 4. O-O Be7 5. c4 c5 6. cxd5 Nxd5 7. Nc3 Nc6 8.
Nxd5 Qxd5 9. d3 O-O 10. Be3 Rd8 11. Nd4 Qd6 12. Nxc6 bxc6 13. Rc1 Qe5 14. Bxc6
Rb8 1-0

[Event "Montreal op"]
[Site "Montreal CAN"]
[Date "2019.09.06"]
[Round "1.10"]
[White "Richard, Leo"]
[Black "Zheng, Richard"]
[Result "1/2-1/2"]
[WhiteElo "1773"]
[BlackElo "2069"]
[PlyCount "133"]
[EventDate "2019.09.06"]
[EventType "swiss"]
[EventRounds "5"]
[EventCountry "CAN"]

1. d4 d5 2. Nf3 Nf6 3. c4 c6 4. e3 e6 5. Nbd2 Nbd7 6. Bd3 Bd6 7. O-O O-O 8. b3
e5 9. cxd5 cxd5 10. dxe5 Nxe5 11. Be2 Ne4 12. Bb2 Ng4 13. h3 Nexf2 14. Qc1 Qh4
15. hxg4 Nh3+ 16. gxh3 Qg3+ 17. Kh1 Qxh3+ 18. Kg1 Qxg4+ 19. Kh1 Qh5+ 20. Kg1
Qg6+ 21. Kh1 Qh6+ 22. Kg1 Qxe3+ 23. Rf2 Bc5 24. Qe1 Qf4 25. Kh1 Bxf2 26. Qxf2
Bf5 27. Rg1 Bg6 28. Qh2 Qe3 29. Bd4 Qe7 30. Qe5 Qxe5 31. Nxe5 Rac8 32. Bd3 Bxd3
33. Nxd3 f6 34. a4 b6 35. Nb4 Kf7 36. Nf1 g6 37. Ne3 Rfe8 38. Nbxd5 Re4 39. Rd1
f5 40. Nc3 Rxd4 41. Rxd4 Rxc3 42. Nc4 Rxb3 43. Rd7+ Ke6 44. Rxa7 Rb4 45. Nd2 h5
46. Nf3 Kd5 47. a5 bxa5 48. Rxa5+ Ke4 49. Nh4 Rb6 50. Ra4+ Ke5 51. Kg2 Kf6 52.
Ra5 Rc6 53. Kg3 Rb6 54. Kf3 Kg5 55. Kg3 Kf6 56. Kg2 Rd6 57. Kg3 Rd3+ 58. Nf3
Rd6 59. Nh4 Rb6 60. Kg2 Rb2+ 61. Kg3 Kg5 62. Nf3+ Kh6 63. Ra6 Rb3 64. Kg2 Rb4
65. Ne5 Re4 66. Rxg6+ Kh7 67. Re6 1/2-1/2

[Event "Montreal op"]
[Site "Montreal CAN"]
[Date "2019.09.06"]
[Round "1.11"]
[White "Leveille, Francois"]
[Black "Both, Aaron"]
[Result "0-1"]
[WhiteElo "2231"]
[BlackElo "1979"]
[PlyCount "70"]
[EventDate "2019.09.06"]
[EventType "swiss"]
[EventRounds "5"]
[EventCountry "CAN"]

1. Nf3 c5 2. e4 e6 3. d4 cxd4 4. Nxd4 a6 5. Bd3 Qc7 6. O-O Nf6 7. Qe2 d6 8. c4
g6 9. b3 Bg7 10. Bb2 b6 11. Nc3 Bb7 12. Rac1 Nbd7 13. Kh1 h5 14. f4 Ng4 15.
Ncb5 Qb8 16. Nxe6 fxe6 17. Bxg7 Rg8 18. e5 axb5 19. Bxg6+ Ke7 20. Bxh5 Rxg7 21.
Bxg4 dxe5 22. cxb5 Nf6 23. Bh3 e4 24. a4 Bd5 25. Rc3 Ra7 26. Qc2 Qd6 27. Rc8
Rd7 28. Qc3 Bb7 29. Rc4 Qd3 30. Qc1 Qxb3 31. g3 Ng4 32. Qa1 e3+ 33. Kg1 Nf6 34.
Qc1 e2 35. Re1 Rxg3+ 0-1